Zooming In! III Quiz Stats

 Plays Quiz Updated Jul 12, 2019

Score 0/10 Timer 02:00
0 Plays Today
Question Answer Wrong Answers
Pickles
93.2%
0.8%
1.7%
3.7%
Squash
89.6%
1.2%
4.8%
2.4%
Berries
88.8%
3.3%
6.6%
1.2%
Hallowe'en Candy
82.1%
4%
1.4%
5%
Lemons
82.1%
6.5%
7.7%
2.4%
Gummy Worms
78%
5.2%
4%
10.1%
Cheese
75.4%
2.2%
5%
4.1%
Vegetable Assortments
73.9%
2.9%
6.9%
6.8%
Nuts
55.2%
16%
5.9%
4.4%
Candy Canes
44%
4.9%
23.9%
19.6%

You're not logged in!

Compare scores with friends on all Sporcle quizzes.
OR
Log In

Sporcle TV

Today on Sporcle TV


Watch our educational content, quiz creation guides, and fun videos on Sporcle TV.

Show Comments

Extras

Top Quizzes Today


Score Distribution

Your Account Isn't Verified!

In order to create a playlist on Sporcle, you need to verify the email address you used during registration. Go to your Sporcle Settings to finish the process.

Report this User

Report this user for behavior that violates our Community Guidelines.

Details: